01018nam a2200313Ia 4500001000700000003000500007008004100012010001100053020001800064040000900082082001800091100004100109245012300150260002800273300001100301503001400312504003300326650004200359650004300401700005400444700004300498901001800541902000600559910000900565942000600574942000700580999001900587952009800606Z_5736CHAP220113s1991 xx 000 0 und d a168839 a968-463-060-3 cCHAP aC 639.803 L36 aLanza Espino, Guadalupe de la964796 aLa acuicultura en palabras /cGuadalupe de la Lanza Espino, Ramón de Lara Andrade y José Luis García Calderón aMéxico :bAGT,c1991 a160 p. aej.1: C/E aBibliografía: p. 157 - 160 aAcuicultura xx Diccionarios9143101 aPiscicultura xx Diccionarios9143102 a García Calderón, José Luis, caout.9143103 aLara Andrade, Ramón, coaut. 9143104 aC 639.803 L36 aM a1991 c1 cc1 c168839d168839 00102ddc40708GRALaZbZc1d2009-01-15pz_5628r2022-01-18 00:00:00t1w2022-01-18yLIBRO